| 000 | 01542nam0a2200361 4500 | ||
|---|---|---|---|
| 001 | RU\NLR\BIBL_A\012147539 | ||
| 005 | 20191205111028.0 | ||
| 010 |
_a978-5-09-074649-6 _9500 |
||
| 021 |
_aRU _bКН-П-19-081432 _9КН-П-19-5918 |
||
| 035 | _a(NLR Aleph) 012147539 | ||
| 035 | _a(RuMoRGB)010139838 | ||
| 090 |
_a12130357 _c12130357 |
||
| 100 | _a20191127d2020 e y0rusy50 ca | ||
| 101 | 0 | _arus | |
| 102 | _aRU | ||
| 105 | _aa|||j|||001zy | ||
| 200 | 1 |
_aИнформатика _e11 класс _eучебник для общеобразовательных организаций _eбазовый и углублённый уровни _fА. Г. Гейн, А. И. Сенокосов |
|
| 205 | _a7-е изд. | ||
| 210 |
_aМосква _cПросвещение _d2020 [т.е. 2019] |
||
| 215 |
_a336 с. _cил., табл., цв. ил. _d22 |
||
| 300 | _aФактическая дата выхода в свет - 2019 | ||
| 313 | _aПо пред. изд. 2019г | ||
| 320 | _aБиблиогр.: с. 329 | ||
| 320 | _aПредм. указ.: с. 330-333 | ||
| 606 | 1 |
_aИнформатика _jУчебники для средней школы _2nlr_sh1 _2nlr_sh2 _3RU\NLR\AUTH\661257251 |
|
| 686 | 1 | _aЗ973.233я721-1 | |
| 700 | 1 |
_aГейн _bА. Г. _f1950- _gАлександр Георгиевич _3RU\NLR\AUTH\774732 |
|
| 701 | 1 |
_aСенокосов _bА. И. _gАлександр Иванович |
|
| 942 | _cBOOK | ||
| 980 | _aNBR | ||
| 980 | _aNB | ||